|
|
|
|
| LEADER |
01871nam a2200457 a 4500 |
| 001 |
000548283 |
| 003 |
CZ BrMZK |
| 005 |
20080506131629.0 |
| 007 |
ta |
| 008 |
000115s2000 xr f m cze d |
| 015 |
|
|
|a cnb000988068
|
| 020 |
|
|
|a 80-214-1772-2
|
| 035 |
|
|
|a (OCoLC)85011418
|
| 040 |
|
|
|a BOA001
|b cze
|
| 072 |
|
7 |
|a 339.5
|x Zahraniční obchod. Mezinárodní obchod
|2 Konspekt
|9 4
|
| 080 |
|
|
|a 339.5
|2 MRF
|
| 080 |
|
|
|a 347.451
|2 MRF
|
| 080 |
|
|
|a 669-14
|2 MRF
|
| 080 |
|
|
|a 678.027.77
|2 MRF
|
| 080 |
|
|
|a (043.3)378.245
|2 MRF
|
| 080 |
|
|
|a (048.3)
|2 MRF
|
| 100 |
1 |
|
|a Zlámal, Jiří,
|d 1972-
|7 xx0078762
|
| 245 |
1 |
0 |
|a Jakost smluvních vztahů z hlediska právních aspektů exportu odlitků /
|c Jiří Zlámal.
|
| 246 |
3 |
1 |
|a Quality of the contracts from legal aspects of casting exort point of view
|
| 260 |
|
|
|a Brno :
|b Vysoké učení technické,
|c 2000
|
| 300 |
|
|
|a 27 s. ;
|c 21 cm
|
| 490 |
1 |
|
|a Edice PhD Thesis ;
|v sv. 54
|
| 490 |
1 |
|
|a Vědecké spisy Vysokého učení technického v Brně
|
| 500 |
|
|
|a Souběžný název anglicky
|
| 500 |
|
|
|a Vydavatel: Fakulta strojního inženýrství, Ústav materiálového inženýrství, odbor slévárenství
|
| 650 |
0 |
7 |
|a mezinárodní obchod
|7 ph115283
|2 czenas
|
| 650 |
0 |
7 |
|a mezinárodní kupní smlouvy
|7 ph122807
|2 czenas
|
| 650 |
0 |
7 |
|a odlitky
|7 ph123691
|2 czenas
|
| 655 |
|
7 |
|a doktorské disertace
|7 fd186751
|2 czenas
|
| 655 |
|
7 |
|a teze
|7 fd133701
|2 czenas
|
| 710 |
2 |
|
|a Vysoké učení technické v Brně.
|b Ústav materiálového inženýrství.
|b Odbor slévárenství
|7 ko2002103683
|
| 830 |
|
0 |
|a Vědecké spisy Vysokého učení technického v Brně.
|p PhD Thesis
|
| 830 |
|
0 |
|a Vědecké spisy Vysokého učení technického v Brně
|
| 910 |
|
|
|a BOA001
|b 2-1081.585
|
| 990 |
|
|
|a BK
|
| 996 |
6 |
|
|b 2610128604
|c 2-1081.585
|l MZK
|r Sklad / do 1 hodiny
|n 1
|p p.v.
|w 000548283
|u 000010
|a 1
|e BOA001
|j MZK50
|s P
|